| 000 | 01046cam a2200265 4500 | ||
|---|---|---|---|
| 001 | ABS63695 | ||
| 008 | 000000n2001 000 0 eng u | ||
| 035 | _a(Sirsi) u111629 | ||
| 100 | _aDay, E. | ||
| 245 | _aUnseen danger | ||
| 260 | _c2001 | ||
| 490 |
_aPremises and Facilities Management _vMarch 2001, 52(1) |
||
| 520 | _aLooks at the damage that can be inflicted on pipework by micro-organisms in closed heating and cooling systems in commercial buildings. Offers advice to facilities managers on how to identify the danger signs, and reduce the risk of extensive damage through system maintenance and water quality. Warns managers to be particularly on their guard when buildings are being altered or extended. | ||
| 590 | _aABS | ||
| 650 | _aCOMMERCIAL BUILDINGS | ||
| 650 | _aHEATING SYSTEMS | ||
| 650 | _aCOOLING SYSTEMS | ||
| 650 | _aPREVENTATIVE MAINTENANCE | ||
| 650 | _aPIPES | ||
| 650 | _aDAMAGE | ||
| 650 | _aWATER TREATMENT | ||
| 690 | _aMANAGEMENT-FACILITIES MANAGEMENT | ||
| 700 | _aFenn, A. | ||
| 942 | _n0 | ||
| 999 |
_c66516 _d66516 |
||